2023-24 NFL Playoff picture after week 17 - Statistics

General Stats
  • This quiz has been taken 73 times
  • The average score is 20 of 22
Answer Stats
Seed Record Answer Clinched Playoffs? Percent % Correct
1 13-3 Baltimore Ravens Yes 100%
98%
3 10-6 Kansas City Chiefs Yes 100%
98%
2 11-5 Miami Dolphins Yes 100%
98%
5 11-5 Cleveland Browns Yes 100%
97%
7 8-8 Green Bay Packers No 64%
95%
5 11-5 Philadelphia Eagles Yes 100%
95%
10 7-9 Minnesota Vikings No 4%
94%
9 9-7 Pittsburgh Steelers No 46%
94%
11 8-8 Cincinnati Bengals No Eliminated
92%
8 9-7 Houston Texans No 53%
92%
1 12-4 San Francisco 49ers Yes 100%
92%
2 11-5 Dallas Cowboys Yes 100%
91%
8 8-8 Seattle Seahawks NAW 25%
91%
6 10-6 Buffalo Bills No 86%
89%
3 11-5 Detroit Lions Yes 100%
88%
6 9-7 Los Angeles Rams Yes 100%
88%
4 8-8 Tampa Bay Buccaneers No 63%
88%
7 9-7 Indianapolis Colts No 46%
86%
4 9-7 Jacksonville Jaguars No 68%
86%
10 8-8 Denver Broncos No Eliminated
84%
11 7-9 Atlanta Falcons No 14%
81%
9 8-8 New Orleans Saints No 30%
81%
No matching quizzes found
Score Distribution
Percent of People with Each Score
Percentile by Number Answered
Your Score History
You have not taken this quiz